LEADER 01078nam a2200205 i 4500 001 000000226274 003 CaOOAMICUS 005 20140116000000.0 008 140116s1854 it u000 u lat u 013 $a205176 040 $aSeMil$bita 245 10$aComplectens commentaria in proverbia Salomonis, indicibus necessariis illustrata. [Parte 1]. 300 $a512 p. 500 $aFondo Card. C.M. Martini. 773 0 $aCornelius : a Lapide $tR. P. C. Cornelii a Lapide, e Societate Jesu, S. Scripturae olim Lovanii, postea Romae professoris, Commentarii in Scripturam Sacram.$bEd. recens, a quamplurimus memdis, quibus caeterae scatebant, diligentissime expurgata et castigata.$dLugduni ; Parisiis : Apud J. B. Pélagaud et socios, 1854.$g3$w()29335 850 $aSeMil 852 $aSeMil$W1$xVenegono$y1$m2V VII 5 FA$j176620$B176620$CSeMilBibl$Z2$F187321 $8I 941 1 $a4 961 $aOmaggio: Martini Card. Carlo Maria 996 $6245$aComplectens commentaria in proverbia Salomonis, indicibus necessariis illustrata. [Parte 1]$9(OLS)http://semarc/title/323983 LEADER 00954nam a2200241 i 4500 001 000000075329 003 CaOOAMICUS 005 20070710000000.0 008 070710s1913 it u000 u ita u 013 $a46501 040 $aSeMil$bita 100 1 $aFantoni, Giovanni,$d<1755-1807>.$0(OLS)http://semarc/name/10786 245 10$aPoesie /$cGiovanni Fantoni (LABINDO) ; A cura di Gerolamo Lazzeri. 260 $aBari :$bLaterza & Figli,$c1913. 300 $a478 p. ;$c22 cm. 490 0 $aScrittori d'Italia 650 4$aPoesia italiana.$0(OLS)http://semarc/subject/2888 700 1 $aLazzeri, Gerolamo,$d<1894-1941>.$0(OLS)http://semarc/name/14260 830 0$aScrittori d'Italia.$0(OLS)http://semarc/title/138 850 $aSeMil 852 $aSeMil$W1$xVenegono$y1$m1E II 110$j41481$B41481$CSeMilBibl$Z2$F41485 $81 996 $6245$aPoesie$9(OLS)http://semarc/title/2285 996 $6260$aBari :$bLaterza & Figli$9(OLS)http://semarc/publisher/29663